000 01599nam a2200421 i 4500
001 733
003 KOSZ 005
005 20200228145439.0
008 010201s1978 pl a f f |000 0 pol
015 _aPB 1979/2825
040 _aWA N
_cWA N
_dKOSZ 005/HR
041 0 _apol
046 _k1978
080 _a621.791/.795
080 _a(075.8)
100 1 _aChrzan, Wiktor
_eAutor
245 1 0 _aLaboratorium z podstaw spawalnictwa :
_bpraca zbiorowa /
_cpod red. Jana Zbigniewa Moszumańskiego ; [zespół aut. W. Chrzan, U. Lewkowicz, J. Moszumański] ; Wyższa Szkoła Inżynierska w Koszalinie.
260 _aKoszalin :
_bWydaw. Uczelniane WSI,
_c1978.
300 _a[10], 276, [2] s. :
_bil. ;
_c23 cm.
336 _2rdacontent
_aTekst
_btxt
337 _2rdamedia
_aBez urządzenia pośredniczącego
_bn
338 _2rdacarrier
_aWolumin
_bnc
380 _aKsiążki
380 _aPublikacje dydaktyczne
385 _mPoziom nauczania
_aSzkoły wyższe
388 _a1901-2000
388 _a1945-1989
490 1 _aSkrypty / WSI ;
_v13/1.
650 7 _aSpawalnictwo
655 4 _aPodręczniki akademickie
658 _aInżynieria i technika
700 1 _aLewkowicz, Urszula
_eAutor
700 1 _aMoszumański, Zbigniew
_eAutor
_eRedakcja
710 2 _aWydawnictwo Uczelniane (Wyższa Szkoła Inżynierska ; Koszalin)
_4pbl.
830 0 _aSkrypty - Wyższa Szkoła Inżynierska w Koszalinie ;
_v13/1.
856 _uhttp://koha.tu.koszalin.pl/cgi-bin/koha/opac-detail.pl?biblionumber=733
_yKatalog online BPK
942 _2UKD
_cKS
999 _c733
_d733